Tiere mit R - Statistiken

Allgemein
  • Dieses Quiz wurde 100 mal gespielt
    72 seit der letzten Aktualisierung
  • Das Durchschnittsergebnis liegt bei 8 aus 16
Antwortstatistiken
Hint Antwort % Korrekt
Vogel Rabe
95%
Säugetier Ratte
76%
Säugetier Reh
75%
Sonstiges Regenwurm
64%
Vogel Rotkehlchen
55%
Sonstiges Raupe
53%
Säugetier Rind
51%
Säugetier Robbe
51%
Vogel Reiher
49%
Säugetier Rentier
49%
Reptil Ringelnatter
47%
Fisch Rochen
40%
Säugetier Rhinozeros
38%
Vogel Rebhuhn
25%
Reptil Riesenschildkröte
24%
Säugetier Rothirsch
20%
Keine übereinstimmenden Quizze gefunden
Verteilung der Resultate
Anzahl Personen mit jedem Resultat
Perzentil nach korrekt beantworteten Fragen
Ihre Resultats-Entwicklung
Sie haben dieses Quiz seit der letzten Aktualisierung nicht gespielt